| 000 | 00704nam a2200229 a 4500 | ||
|---|---|---|---|
| 999 |
_c11392 _d11392 |
||
| 001 | 11392 | ||
| 003 | BD-JhCC | ||
| 005 | 20191212134009.0 | ||
| 008 | 190909b 2017bg |||| ||a| 000 0 ben d | ||
| 020 | _a9847009603730 | ||
| 035 | _a(BD-JhCC)11392 | ||
| 040 |
_aBD-JhCC _dBD-JhCC |
||
| 041 | _aben | ||
| 082 |
_bIQB 2017 _a891.44 |
||
| 100 | _aইকবাল, মুহম্মদ জাফর | ||
| 245 |
_aরিটিন / _bমুহম্মদ জাফর ইকবাল । |
||
| 260 |
_aঢাকা: _bতাম্রলিপি; _c২০১৭. |
||
| 300 |
_a১৫৭ পৃ. : _c২২ সেমি. |
||
| 650 | _aScience Fiction | ||
| 942 |
_2ddc _cBK _06 |
||